[Event "EU-ch (Women) 24th"]
[Site "Rhodes"]
[Date "2024.04.26"]
[Round "7"]
[White "Narva, Mai"]
[Black "Zhukova, Natalia"]
[Result "1/2-1/2"]
[WhiteElo "2401"]
[BlackElo "2301"]
[PlyCount "113"]
[EventDate "2024.04.19"]
[EventType "swiss"]
[EventRounds "10"]
[EventCountry "GRE"]
[SourceTitle "CB18_2024"]
[SourceDate "2024.05.01"]
[SourceVersion "1"]
[SourceVersionDate "2024.05.01"]
[SourceQuality "2"]

1. e4 e5 2. Nf3 Nc6 3. Bb5 a6 4. Ba4 Nf6 5. 0-0 b5 6. Bb3 Bb7 7. Nc3 Be7 8. d3 0-0 9. a4 Na5 10. Ba2 b4 11. Nd5 Nxd5 12. Bxd5 c6 13. Ba2 d6 14. c3 c5 15. Re1 Rb8 16. d4 bxc3 17. bxc3 cxd4 18. cxd4 Nc6 19. Rb1 a5 20. Ba3 exd4 21. Nxd4 Nb4 22. Bxb4 axb4 23. Nf5 Bc8 24. Nxe7+ Qxe7 25. Qd2 Be6 26. Bxe6 fxe6 27. Rxb4 Rxb4 28. Qxb4 Qa7 29. Rf1 d5 30. Qd6 Re8 31. Qc6 Qa8 32. exd5 exd5 33. Qxa8 Rxa8 34. Ra1 Ra5 35. f4 Kf7 36. Kf2 Ke6 37. Ke3 Kf5 38. g3 Kg4 39. Kd4 h5 40. Kc3 h4 41. Ra3 hxg3 42. hxg3 Kf5 43. Kd4 g5 44. fxg5 Kxg5 45. Kc3 Kf5 46. Kb4 Ra8 47. Kc5 Ke4 48. a5 d4 49. Kb6 d3 50. a6 d2 51. Ra1 Rg8 52. a7 Ke3 53. Rb1 Ke2 54. Kb7 Rg7+ 55. Ka6 Rxg3 56. a8Q Ra3+ 57. Kb7 1/2-1/2

[Event "EU-ch (Women) 24th"]
[Site "Rhodes"]
[Date "2024.04.23"]
[Round "5"]
[White "Narva, Mai"]
[Black "Brunello, Marina"]
[Result "1/2-1/2"]
[WhiteElo "2401"]
[BlackElo "2353"]
[PlyCount "95"]
[EventDate "2024.04.19"]
[EventType "swiss"]
[EventRounds "10"]
[EventCountry "GRE"]
[SourceTitle "CB18_2024"]
[SourceDate "2024.05.01"]
[SourceVersion "1"]
[SourceVersionDate "2024.05.01"]
[SourceQuality "2"]

1. e4 c6 2. d4 d5 3. exd5 cxd5 4. c4 Nf6 5. Nc3 Nc6 6. cxd5 Nxd5 7. Bc4 Be6 8. Bb3 Nxc3 9. bxc3 Bxb3 10. axb3 e6 11. Nf3 Be7 12. 0-0 0-0 13. Qd3 Bf6 14. Rd1 h6 15. Be3 Qd7 16. Rab1 Rfd8 17. Qe4 Qd5 18. Qc2 Rac8 19. c4 Qd7 20. Qe4 Ne7 21. Bf4 Qc6 22. Qxc6 Rxc6 23. g4 g5 24. Bg3 Rcc8 25. Rd2 Rd7 26. Rbd1 Rcd8 27. Kg2 Kg7 28. h3 Kg6 29. h4 gxh4 30. Nxh4+ Bxh4 31. Bxh4 h5 32. gxh5+ Kxh5 33. Bxe7 Rxe7 34. Kf3 Kg6 35. Rg1+ Kf6 36. Ke4 Rh8 37. Rg3 Rh4+ 38. Ke3 Rd7 39. f4 Rd6 40. Ra2 a6 41. Rf2 Ke7 42. Rgf3 Kd7 43. Kd3 Rh1 44. Kc3 Rc1+ 45. Kd2 Rh1 46. Kc3 Rc1+ 47. Kd2 Rh1 48. Kc3 1/2-1/2

[Event "EU-ch (Women) 24th"]
[Site "Rhodes"]
[Date "2024.04.19"]
[Round "1"]
[White "Narva, Mai"]
[Black "Koridze, Lile"]
[Result "1-0"]
[WhiteElo "2401"]
[BlackElo "2121"]
[PlyCount "63"]
[EventDate "2024.04.19"]
[EventType "swiss"]
[EventRounds "10"]
[EventCountry "GRE"]
[SourceTitle "CB18_2024"]
[SourceDate "2024.05.01"]
[SourceVersion "1"]
[SourceVersionDate "2024.05.01"]
[SourceQuality "2"]

1. e4 c5 2. Nf3 d6 3. Bb5+ Bd7 4. Bxd7+ Qxd7 5. 0-0 Nc6 6. c3 Nf6 7. Qe2 g6 8. d4 cxd4 9. cxd4 Bg7 10. Nc3 0-0 11. d5 Nb4 12. Be3 Rfc8 13. Rac1 e6 14. Rfd1 exd5 15. exd5 Ng4 16. Bd4 Na6 17. Bxg7 Kxg7 18. Nd4 Nf6 19. h3 Nc5 20. b4 Na4 21. Nxa4 Qxa4 22. Qe7 Nh5 23. Qxd6 Qxa2 24. Rxc8 Rxc8 25. Qd7 Qc4 26. Ne6+ Kg8 27. Nc5 Rb8 28. d6 Qe2 29. Qg4 Qe8 30. d7 Qd8 31. Qf3 Qc7 32. Nxb7 1-0

[Event "Swiss Queens Wed #8"]
[Site "FIDE Online Arena INT"]
[Date "2024.03.20"]
[Round "4"]
[White "Kosteniuk, Alexandra"]
[Black "Narva, Mai"]
[Result "1-0"]
[WhiteElo "2501"]
[BlackElo "2399"]
[PlyCount "63"]
[EventDate "2024.03.20"]
[EventType "swiss (blitz)"]
[EventRounds "11"]
[EventCountry "NET"]
[SourceTitle "CB13_2024"]
[SourceDate "2024.03.27"]
[SourceVersion "1"]
[SourceVersionDate "2024.03.27"]
[SourceQuality "1"]

1. e4 c5 2. d4 cxd4 3. Qxd4 Nc6 4. Qd3 Nf6 5. Nc3 e6 6. Bf4 Bb4 7. 0-0-0 0-0 8. Nge2 e5 9. Bg5 h6 10. Bh4 g5 11. Bg3 d6 12. h4 Nh5 13. hxg5 Qxg5+ 14. Kb1 Be6 15. Bh4 Qg6 16. g4 Nf4 17. Nxf4 exf4 18. Nd5 Bxd5 19. exd5 Ne5 20. Qb3 Bc5 21. f3 a5 22. a4 Rfe8 23. Be1 Rac8 24. Bd2 Be3 25. Bc3 Nxf3 26. Bd3 Qg5 27. Rh5 Qxg4 28. Rxh6 Ne5 29. Rdh1 Kf8 30. Qxb7 Qd7 31. Bxe5 Qxb7 32. Bf6 1-0

[Event "Swiss Queens Wed #8"]
[Site "FIDE Online Arena INT"]
[Date "2024.03.20"]
[Round "3"]
[White "Narva, Mai"]
[Black "Maltsevskaya, Aleksandra"]
[Result "1-0"]
[WhiteElo "2399"]
[BlackElo "2374"]
[PlyCount "55"]
[EventDate "2024.03.20"]
[EventType "swiss (blitz)"]
[EventRounds "11"]
[EventCountry "NET"]
[SourceTitle "CB13_2024"]
[SourceDate "2024.03.27"]
[SourceVersion "1"]
[SourceVersionDate "2024.03.27"]
[SourceQuality "1"]

1. e4 c5 2. Nf3 e6 3. d4 cxd4 4. Nxd4 Nf6 5. Nc3 Nc6 6. Ndb5 Bc5 7. Bf4 0-0 8. Bc7 Qe7 9. Bd6 Bxd6 10. Qxd6 Qd8 11. 0-0-0 a6 12. Nd4 Ne7 13. h4 b5 14. h5 h6 15. g4 b4 16. Qxb4 Nxg4 17. Rg1 Ne5 18. Qd6 N5c6 19. Qg3 g6 20. hxg6 Nxd4 21. gxf7+ Kxf7 22. Rxd4 Qa5 23. Qh2 Ke8 24. Be2 Qb6 25. Rgd1 Rb8 26. b3 Qc5 27. Qxb8 Qxc3 28. Bh5+ 1-0

[Event "Swiss Queens Wed #7"]
[Site "FIDE Online Arena INT"]
[Date "2024.03.13"]
[Round "7"]
[White "Narva, Mai"]
[Black "Miladinovic, Lena"]
[Result "1-0"]
[WhiteElo "2399"]
[BlackElo "2111"]
[PlyCount "59"]
[EventDate "2024.03.13"]
[EventType "swiss (blitz)"]
[EventRounds "11"]
[EventCountry "NET"]
[SourceTitle "CB12_2024"]
[SourceDate "2023.10.01"]
[SourceVersion "1"]
[SourceVersionDate "2023.10.01"]
[SourceQuality "1"]

1. e4 c5 2. Nf3 e6 3. c3 Nc6 4. d4 d5 5. e5 Qb6 6. Bd3 Nh6 7. 0-0 cxd4 8. Re1 dxc3 9. Nxc3 Bd7 10. a3 Be7 11. b4 Rc8 12. Be3 d4 13. Na4 Qc7 14. Bxh6 gxh6 15. b5 Na5 16. Nxd4 Rg8 17. Qd2 Bg5 18. f4 Bd8 19. f5 b6 20. Qxh6 a6 21. fxe6 Bxe6 22. Qxh7 Rg5 23. Rac1 Qb7 24. Be4 Bd5 25. Rxc8 Qxc8 26. Bxd5 Rxg2+ 27. Kxg2 Qg4+ 28. Kh1 Qf4 29. e6 f6 30. Qf7# 1-0

[Event "Swiss Queens Wed #7"]
[Site "FIDE Online Arena INT"]
[Date "2024.03.13"]
[Round "8"]
[White "Narva, Mai"]
[Black "Papp, Petra"]
[Result "0-1"]
[WhiteElo "2399"]
[BlackElo "2267"]
[PlyCount "140"]
[EventDate "2024.03.13"]
[EventType "swiss (blitz)"]
[EventRounds "11"]
[EventCountry "NET"]
[SourceTitle "CB12_2024"]
[SourceDate "2023.10.01"]
[SourceVersion "1"]
[SourceVersionDate "2023.10.01"]
[SourceQuality "1"]

1. e4 c6 2. Nc3 d5 3. Nf3 dxe4 4. Nxe4 Nf6 5. Qe2 Nxe4 6. Qxe4 Qa5 7. Bc4 Bf5 8. Qf4 e6 9. Bb3 Be7 10. 0-0 0-0 11. d4 Nd7 12. h3 Bg6 13. Bd2 Qb6 14. Rfe1 a5 15. a4 Bb4 16. Bxb4 Qxb4 17. Qg5 Nf6 18. Rad1 Nd5 19. h4 h6 20. Qd2 Bh5 21. Qd3 Nf4 22. Qe4 Qd6 23. c3 Rad8 24. Rc1 Bg6 25. Qe5 Nd3 26. Qxa5 Nxc1 27. Rxc1 Qf4 28. Re1 Be4 29. Qe5 Qxe5 30. Nxe5 Bd5 31. Bc2 f6 32. Nd3 Rfe8 33. b3 e5 34. dxe5 fxe5 35. Rxe5 Bf7 36. Rxe8+ Bxe8 37. Kf1 Bg6 38. Nb4 Bxc2 39. Nxc2 Rd3 40. Ke2 Rxc3 41. Nd4 c5 42. Ne6 Rxb3 43. Nxc5 Rb4 44. h5 b6 45. Nd7 Rxa4 46. Nxb6 Ra5 47. g4 Kf7 48. Kf3 Kf6 49. Nc4 Kg5 50. Ne3 Ra3 51. Kg3 Rb3 52. Kf3 Rc3 53. Kg3 Ra3 54. Kf3 Kf6 55. Kg3 Ke5 56. Kf3 Rb3 57. Kg3 Ke4 58. Kg2 Kf4 59. Kh3 Kf3 60. Nf5 Kxf2+ 61. Kh4 Rb7 62. g5 Rb4+ 63. Kh3 Rb7 64. Kg4 Rb4+ 65. Kh3 hxg5 66. Kh2 g4 67. h6 g3+ 68. Kh3 g2 69. h7 g1Q 70. Ng3 Qg2# 0-1

[Event "Swiss Queens Wed #7"]
[Site "FIDE Online Arena INT"]
[Date "2024.03.13"]
[Round "3"]
[White "Narva, Mai"]
[Black "Shafigullina, Zarina"]
[Result "1-0"]
[WhiteElo "2399"]
[BlackElo "2094"]
[PlyCount "89"]
[EventDate "2024.03.13"]
[EventType "swiss (blitz)"]
[EventRounds "11"]
[EventCountry "NET"]
[SourceTitle "CB12_2024"]
[SourceDate "2023.10.01"]
[SourceVersion "1"]
[SourceVersionDate "2023.10.01"]
[SourceQuality "1"]

1. e4 c5 2. Nf3 d6 3. d4 cxd4 4. Nxd4 Nf6 5. Nc3 a6 6. Bc4 e6 7. Be3 Be7 8. Qe2 0-0 9. 0-0-0 Nbd7 10. f3 Qa5 11. Kb1 Ne5 12. Bb3 b5 13. f4 Neg4 14. Nc6 Qc7 15. Nxe7+ Qxe7 16. Bg1 b4 17. Na4 Qc7 18. Bb6 Qb8 19. e5 dxe5 20. Bc5 Qb5 21. Qxb5 axb5 22. Nb6 Bb7 23. fxe5 Ne4 24. Bxf8 Rxf8 25. Rd7 Rb8 26. Rhd1 g6 27. Rd8+ Rxd8 28. Rxd8+ Kg7 29. Rd7 Bc6 30. Rc7 Be8 31. Bxe6 Nxe5 32. Nc8 Kf6 33. Bd5 Ng5 34. Nd6 Bd7 35. h4 Ne6 36. Rb7 Nc5 37. Rc7 Ne6 38. Ra7 Nf4 39. Bxf7 Nxg2 40. Bg8 h5 41. Rb7 Nxh4 42. Nxb5 Nhf3 43. Bd5 Bxb5 44. Rxb5 h4 45. Rxb4 1-0

[Event "Swiss Queens Wed #7"]
[Site "FIDE Online Arena INT"]
[Date "2024.03.13"]
[Round "9"]
[White "Padmini, Rout"]
[Black "Narva, Mai"]
[Result "1-0"]
[WhiteElo "2353"]
[BlackElo "2399"]
[PlyCount "53"]
[EventDate "2024.03.13"]
[EventType "swiss (blitz)"]
[EventRounds "11"]
[EventCountry "NET"]
[SourceTitle "CB12_2024"]
[SourceDate "2023.10.01"]
[SourceVersion "1"]
[SourceVersionDate "2023.10.01"]
[SourceQuality "1"]

1. e4 g6 2. d4 Bg7 3. Nc3 c5 4. Nf3 cxd4 5. Nxd4 Nc6 6. Be3 Nf6 7. Nb3 0-0 8. Be2 d6 9. 0-0 a6 10. Qd2 b5 11. a3 Bb7 12. Bh6 Rc8 13. Bxg7 Kxg7 14. f4 Qc7 15. Bf3 Rfd8 16. Nd5 Nxd5 17. exd5 Nb8 18. Nd4 Qc5 19. Kh1 Bxd5 20. f5 Bxf3 21. Rxf3 Nd7 22. Rh3 Nf6 23. fxg6 e5 24. Nf5+ Kg8 25. gxh7+ Kh8 26. Qg5 Ne8 27. Qg8# 1-0

[Event "Swiss Queens Wed #3"]
[Site "FIDE Online Arena INT"]
[Date "2024.02.14"]
[Round "2"]
[White "Kiseleva, Simona"]
[Black "Narva, Mai"]
[Result "0-1"]
[WhiteElo "2174"]
[BlackElo "2397"]
[PlyCount "50"]
[EventDate "2024.02.14"]
[EventType "swiss (blitz)"]
[EventRounds "11"]
[EventCountry "NET"]
[SourceTitle "CB08_2024"]
[SourceDate "2024.02.21"]
[SourceVersion "1"]
[SourceVersionDate "2024.02.21"]
[SourceQuality "1"]

1. d4 g6 2. c4 Bg7 3. e4 d6 4. Be2 Nc6 5. d5 Nd4 6. Nc3 c5 7. Nf3 Nxe2 8. Nxe2 Nf6 9. Qc2 Bg4 10. Nc3 0-0 11. h3 Bxf3 12. gxf3 Nh5 13. Bd2 a6 14. Ne2 b5 15. Bc3 e5 16. Bd2 f5 17. h4 fxe4 18. fxe4 Qf6 19. Be3 Nf4 20. 0-0-0 bxc4 21. Rdf1 Nd3+ 22. Kd1 Qf3 23. Rhg1 Rab8 24. Bc1 Nxf2+ 25. Ke1 Nd3+ 0-1

[Event "Swiss Queens Wed #3"]
[Site "FIDE Online Arena INT"]
[Date "2024.02.14"]
[Round "5"]
[White "Narva, Mai"]
[Black "Injac, Teodora"]
[Result "0-1"]
[WhiteElo "2397"]
[BlackElo "2439"]
[PlyCount "62"]
[EventDate "2024.02.14"]
[EventType "swiss (blitz)"]
[EventRounds "11"]
[EventCountry "NET"]
[SourceTitle "CB08_2024"]
[SourceDate "2024.02.21"]
[SourceVersion "1"]
[SourceVersionDate "2024.02.21"]
[SourceQuality "1"]

1. e4 e5 2. Nf3 Nc6 3. Bc4 Bc5 4. c3 Nf6 5. d4 exd4 6. b4 Bb6 7. e5 d5 8. exf6 dxc4 9. Qe2+ Be6 10. b5 Nb4 11. fxg7 Rg8 12. 0-0 d3 13. Qe4 Qd5 14. Qxh7 0-0-0 15. Bg5 Nc2 16. Nbd2 Nxa1 17. Bxd8 Qxd8 18. Ne4 Nc2 19. Nf6 Rxg7 20. Qxg7 Ba5 21. Ne4 Bd5 22. Qg4+ Kb8 23. Nfd2 Be6 24. Qf4 f5 25. Nc5 Bc8 26. Qxc4 Na3 27. Qb3 Bb6 28. Qxa3 Qd6 29. Ndb3 d2 30. Rd1 Qe5 31. Qb2 Qe1+ 0-1

[Event "Swiss Queens Wed #3"]
[Site "FIDE Online Arena INT"]
[Date "2024.02.14"]
[Round "9"]
[White "Narva, Mai"]
[Black "Shuvalova, Polina"]
[Result "0-1"]
[WhiteElo "2397"]
[BlackElo "2455"]
[PlyCount "100"]
[EventDate "2024.02.14"]
[EventType "swiss (blitz)"]
[EventRounds "11"]
[EventCountry "NET"]
[SourceTitle "CB08_2024"]
[SourceDate "2024.02.21"]
[SourceVersion "1"]
[SourceVersionDate "2024.02.21"]
[SourceQuality "1"]

1. e4 c5 2. Nf3 d6 3. d4 cxd4 4. Nxd4 Nf6 5. Nc3 a6 6. Bc4 e6 7. Be3 b5 8. Bb3 Bb7 9. Qe2 b4 10. Na4 Nbd7 11. 0-0-0 Be7 12. f3 0-0 13. g4 Qa5 14. g5 Nh5 15. f4 g6 16. Nxe6 Rfc8 17. f5 Bxe4 18. Rhf1 d5 19. Nd4 Ne5 20. fxg6 hxg6 21. Kb1 Rab8 22. h4 Ng3 23. Qh2 Nxf1 24. Rxf1 Bd6 25. Bf4 Re8 26. h5 Qc7 27. hxg6 fxg6 28. Qe2 Nc4 29. Bxd6 Qxd6 30. Rf6 Qg3 31. Bxc4 dxc4 32. Qxc4+ Kh8 33. b3 Qxg5 34. Rf2 Qg1+ 35. Rf1 Qg2 36. Nc5 Rbc8 37. Qf7 Bxc2+ 38. Nxc2 Rf8 39. Qxf8+ Rxf8 40. Rxf8+ Kg7 41. Ra8 Qg1+ 42. Kb2 Qxc5 43. Rxa6 g5 44. Ra4 g4 45. Rxb4 Qe5+ 46. Kb1 g3 47. Rg4+ Kh6 48. Nd4 Kh5 49. Rg8 Qe4+ 50. Kc1 Qxd4 0-1

[Event "Titled Tuesday intern op 13th Feb Early"]
[Site "Chess.com INT"]
[Date "2024.02.13"]
[Round "9"]
[White "Narva, Mai"]
[Black "Bortnyk, Olexandr"]
[Result "1-0"]
[WhiteElo "2397"]
[BlackElo "2608"]
[PlyCount "127"]
[EventDate "2024.02.13"]
[EventType "swiss (blitz)"]
[EventRounds "11"]
[EventCountry "USA"]
[SourceTitle "CB08_2024"]
[SourceDate "2024.02.21"]
[SourceVersion "1"]
[SourceVersionDate "2024.02.21"]
[SourceQuality "1"]

1. e4 Nf6 2. e5 Nd5 3. d4 d6 4. exd6 exd6 5. Nf3 Be7 6. Bd3 0-0 7. 0-0 Nb4 8. Bc4 Bf5 9. Bb3 Nd7 10. Nc3 Nf6 11. Bf4 Qd7 12. a3 Nc6 13. d5 Nd8 14. h3 Ne4 15. Ne2 Bf6 16. Ned4 Bg6 17. c3 c5 18. Ba4 Qc7 19. Nb5 Qb6 20. Nd2 Nxd2 21. Qxd2 Be7 22. Rfe1 a6 23. Rxe7 axb5 24. Bc2 b4 25. a4 bxc3 26. Qxc3 Bxc2 27. Qxc2 f6 28. Ra3 Nf7 29. Rb3 Qa6 30. Rbxb7 Qxa4 31. Qxa4 Rxa4 32. Bxd6 Rb4 33. Bxc5 Rxb7 34. Rxb7 Rd8 35. Be7 Ra8 36. d6 h5 37. d7 Kh7 38. Rc7 Ra1+ 39. Kh2 Rd1 40. b4 Kg6 41. b5 Rb1 42. Rb7 Rb2 43. d8Q Nxd8 44. Bxd8 Rxf2 45. b6 Rb2 46. Rd7 f5 47. b7 f4 48. Kg1 Kf5 49. Rxg7 Rb1+ 50. Kf2 Rb2+ 51. Ke1 Ke4 52. Bf6 Rb6 53. Bg5 f3 54. gxf3+ Kxf3 55. Rf7+ Ke4 56. Bf4 Rb1+ 57. Kd2 Rb2+ 58. Kc3 Rxb7 59. Rxb7 Kxf4 60. Kd4 Kg3 61. Rb3+ Kf4 62. Kd5 h4 63. Ke6 Kg5 64. Ke5 1-0

[Event "Swiss Queens Wed #2"]
[Site "FIDE Online Arena INT"]
[Date "2024.02.07"]
[Round "9"]
[White "Gunina, Valentina"]
[Black "Narva, Mai"]
[Result "1-0"]
[WhiteElo "2437"]
[BlackElo "2397"]
[PlyCount "119"]
[EventDate "2024.02.07"]
[EventType "swiss (blitz)"]
[EventRounds "11"]
[EventCountry "NET"]
[SourceTitle "CB07_2024"]
[SourceDate "2024.02.14"]
[SourceVersion "1"]
[SourceVersionDate "2024.02.14"]
[SourceQuality "1"]

1. d4 g6 2. c4 Bg7 3. Nc3 c5 4. d5 d6 5. e4 Bxc3+ 6. bxc3 e5 7. h4 h6 8. Bd3 Qe7 9. Ne2 Nf6 10. f3 Kd8 11. a4 a5 12. Rb1 Kc7 13. Be3 b6 14. Qd2 Ng8 15. Ng3 Nd7 16. h5 Qf8 17. 0-0 Ngf6 18. hxg6 fxg6 19. f4 Qe7 20. Rf3 Ng4 21. f5 Qh4 22. fxg6 Ndf6 23. Nf1 Bd7 24. Rh3 Nxe4 25. Rxh4 Nxd2 26. Bxd2 Rae8 27. Ng3 Rhg8 28. Be4 Nf6 29. Rxh6 Bxa4 30. Rf1 Ref8 31. g7 Rxg7 32. Nh5 Nxe4 33. Rxf8 Re7 34. Bc1 Bb3 35. Rhh8 Bxc4 36. Rc8+ Kb7 37. Rb8+ Ka7 38. Ra8+ Kb7 39. Rhb8+ Kc7 40. Ra7+ Kxb8 41. Rxe7 Bxd5 42. Ng7 Nxc3 43. Kf2 b5 44. Nf5 Ne4+ 45. Ke3 a4 46. g4 b4 47. g5 a3 48. g6 c4 49. g7 c3 50. Re8+ Kc7 51. g8Q Bxg8 52. Rxg8 Nf6 53. Rg7+ Kb6 54. Bxa3 bxa3 55. Kd3 a2 56. Rg1 Nd5 57. Nxd6 e4+ 58. Nxe4 Nf4+ 59. Kc2 Ne2 60. Ra1 1-0

[Event "Swiss Queens Wed #2"]
[Site "FIDE Online Arena INT"]
[Date "2024.02.07"]
[Round "8"]
[White "Narva, Mai"]
[Black "Mammadzada, Gunay Vuqar Qizi"]
[Result "1-0"]
[WhiteElo "2397"]
[BlackElo "2449"]
[PlyCount "59"]
[EventDate "2024.02.07"]
[EventType "swiss (blitz)"]
[EventRounds "11"]
[EventCountry "NET"]
[SourceTitle "CB07_2024"]
[SourceDate "2024.02.14"]
[SourceVersion "1"]
[SourceVersionDate "2024.02.14"]
[SourceQuality "1"]

1. e4 c5 2. Nf3 d6 3. d4 cxd4 4. Nxd4 Nf6 5. Nc3 a6 6. Bc4 e6 7. Be3 Be7 8. Bb3 b5 9. a3 0-0 10. Qe2 Bb7 11. f3 Nbd7 12. 0-0-0 Nc5 13. Ba2 Qa5 14. Qe1 Rfc8 15. Nd5 Qd8 16. Nxe7+ Qxe7 17. Kb1 Na4 18. g4 Qc7 19. h4 e5 20. Rh2 exd4 21. Bxd4 Nd7 22. g5 Ne5 23. Qg3 a5 24. h5 Nc4 25. g6 h6 26. gxf7+ Qxf7 27. Rg2 Rc7 28. Bxc4 bxc4 29. Qxd6 Qxf3 30. Rdg1 1-0

[Event "Swiss Queens Wed #2"]
[Site "FIDE Online Arena INT"]
[Date "2024.02.07"]
[Round "2"]
[White "Narva, Mai"]
[Black "Narva, Triin"]
[Result "1-0"]
[WhiteElo "2397"]
[BlackElo "2095"]
[PlyCount "65"]
[EventDate "2024.02.07"]
[EventType "swiss (blitz)"]
[EventRounds "11"]
[EventCountry "NET"]
[SourceTitle "CB07_2024"]
[SourceDate "2024.02.14"]
[SourceVersion "1"]
[SourceVersionDate "2024.02.14"]
[SourceQuality "1"]

1. e4 d5 2. exd5 Qxd5 3. Nc3 Qd6 4. g3 Nf6 5. Bg2 Nc6 6. Nf3 Bg4 7. h3 Bh5 8. 0-0 e6 9. d3 0-0-0 10. Be3 Nd5 11. Ne4 Qb4 12. Bd2 Qxb2 13. a4 h6 14. Rb1 Qa3 15. g4 Bg6 16. Qe2 Bxe4 17. Qxe4 Qd6 18. a5 a6 19. Rb3 Nf6 20. Qc4 Qc5 21. Qa4 Nd5 22. Rfb1 b5 23. axb6 Nxb6 24. Qxa6+ Kd7 25. Be3 Qd5 26. Bxb6 cxb6 27. Rxb6 Bd6 28. Rxc6 Qxc6 29. Ne5+ Bxe5 30. Qxc6+ Ke7 31. Rb7+ Kf6 32. Qf3+ Kg6 33. Qxf7+ 1-0

[Event "Swiss Queens Wed #2"]
[Site "FIDE Online Arena INT"]
[Date "2024.02.07"]
[Round "11"]
[White "Shuvalova, Polina"]
[Black "Narva, Mai"]
[Result "0-1"]
[WhiteElo "2455"]
[BlackElo "2397"]
[PlyCount "112"]
[EventDate "2024.02.07"]
[EventType "swiss (blitz)"]
[EventRounds "11"]
[EventCountry "NET"]
[SourceTitle "CB07_2024"]
[SourceDate "2024.02.14"]
[SourceVersion "1"]
[SourceVersionDate "2024.02.14"]
[SourceQuality "1"]

1. e4 c5 2. Nf3 d6 3. Bb5+ Nc6 4. 0-0 Bd7 5. Re1 a6 6. Bxc6 Bxc6 7. d4 cxd4 8. Nxd4 Rc8 9. c4 Nf6 10. Nc3 g6 11. Qd3 Bg7 12. Be3 0-0 13. b3 Ng4 14. Bg5 Qa5 15. Bxe7 Qe5 16. Bxf8 Qxd4 17. Qf3 Rxf8 18. Ne2 Qxe4 19. Qxe4 Bxe4 20. f3 Bxa1 21. Rxa1 d5 22. cxd5 Bxd5 23. fxg4 Rc8 24. Rd1 Be4 25. Rd2 h6 26. Kf2 Kg7 27. g3 Rc6 28. Ke3 Bb1 29. h4 Re6+ 30. Kf2 g5 31. hxg5 hxg5 32. Nd4 Re4 33. Kf3 Re1 34. Nf5+ Kg6 35. Rd6+ f6 36. Ne3 Bxa2 37. Rb6 Rb1 38. b4 a5 39. bxa5 Rxb6 40. axb6 Kf7 41. Ke4 Ke6 42. Kd4 Bb1 43. Nc4 Kd7 44. Kc5 Be4 45. Nd6 Bf3 46. Nb5 Bxg4 47. Nd6 Bf3 48. Nf7 Bc6 49. Nd6 Ke6 50. Nc8 f5 51. Na7 Be4 52. Nb5 f4 53. gxf4 g4 54. Kd4 Bc6 55. Nc7+ Kf5 56. Ke3 g3 0-1

[Event "Titled Tuesday intern op 06th Feb Early"]
[Site "Chess.com INT"]
[Date "2024.02.06"]
[Round "1"]
[White "Sisman, Gizem"]
[Black "Narva, Mai"]
[Result "0-1"]
[WhiteElo "1754"]
[BlackElo "2397"]
[PlyCount "76"]
[EventDate "2024.02.06"]
[EventType "swiss (blitz)"]
[EventRounds "11"]
[EventCountry "USA"]
[SourceTitle "CB07_2024"]
[SourceDate "2024.02.14"]
[SourceVersion "1"]
[SourceVersionDate "2024.02.14"]
[SourceQuality "1"]

1. e4 c5 2. Nc3 Nc6 3. Bb5 Nd4 4. Nf3 a6 5. Bd3 g6 6. Rb1 Bg7 7. b4 cxb4 8. Rxb4 Nc6 9. Rb1 Nf6 10. 0-0 d5 11. exd5 Nxd5 12. Nxd5 Qxd5 13. Bb2 e5 14. Qe2 0-0 15. Be4 Qc5 16. h3 Re8 17. Rfe1 Bd7 18. Qd3 Rad8 19. Qb3 Na5 20. Qc3 Rc8 21. Qxc5 Rxc5 22. Bc3 f5 23. Bxb7 e4 24. Bxg7 Kxg7 25. Nd4 Nc4 26. Bxa6 Nxd2 27. Rb7 Rd5 28. Nb3 Kf6 29. Nxd2 Rxd2 30. Kf1 Ra8 31. Bc4 Be8 32. Rxh7 Rxc2 33. Bb3 Rd2 34. h4 Rc8 35. g3 Rc3 36. Rh8 Bb5+ 37. Kg1 Rf3 38. Rf8+ Ke5 0-1

[Event "Swiss Queens Wed #1"]
[Site "FIDE Online Arena INT"]
[Date "2024.01.31"]
[Round "8"]
[White "Ambartsumova, Karina"]
[Black "Narva, Mai"]
[Result "0-1"]
[WhiteElo "2418"]
[BlackElo "2400"]
[PlyCount "88"]
[EventDate "2024.01.31"]
[EventType "swiss (blitz)"]
[EventRounds "11"]
[EventCountry "NET"]
[SourceTitle "CB06_2024"]
[SourceDate "2024.02.07"]
[SourceVersion "1"]
[SourceVersionDate "2024.02.07"]
[SourceQuality "1"]

1. d4 g6 2. e4 Bg7 3. Nc3 c5 4. dxc5 Nf6 5. Be3 Nc6 6. a3 0-0 7. Be2 b6 8. cxb6 axb6 9. Nf3 Bb7 10. 0-0 d6 11. Nd5 Nxe4 12. Bxb6 Qd7 13. c3 e6 14. Nf4 Rab8 15. Be3 Ba8 16. Qc2 Na5 17. b4 Nxc3 18. bxa5 Nxe2+ 19. Qxe2 Bxa1 20. Rxa1 e5 21. Nh3 Qg4 22. Kh1 Rb3 23. Nhg1 Rfb8 24. Bb6 f6 25. h3 Qe6 26. Rc1 Rxa3 27. Rc7 Bd5 28. Kh2 Ra2 29. Qe3 Rb7 30. Rxb7 Bxb7 31. Qc3 Qf7 32. Nd2 Qd5 33. Ngf3 e4 34. Nd4 e3 35. N2f3 exf2 36. Qd3 Qe4 37. Qf1 g5 38. Qc4+ Qd5 39. Qc7 f1Q 40. Qd8+ Kg7 41. Qe7+ Qf7 42. Ne6+ Kg6 43. Nf8+ Qxf8 44. Qxf8 Qxg2# 0-1